000 00653nam a2200289Ia 4500
005 20260324140907.0
008 008 260324s9999 xx 000 0 eng d
020 _a9780429445620
037 _aEBOOK
040 _aCRL
040 _beng
040 _cCRL
041 _2eng
041 _aeng
084 _qCRL
100 _aClare McGlynn
_91206130
245 0 _aLegal Feminisms
245 0 _bTheory and Practice
260 _bTaylor and Francis
260 _c1998
365 _a
365 _b180
856 _uhttp://www.taylorfrancis.com/books/9780429445620
942 _cEBOOK
999 _c1808670
_d1808670